000 01217nam a2200337 i 4500
003 CO-BoRNBP
005 20250605091142.0
007 ta
008 210819r2014 sp a br6 000 1 spa d
020 _a9788492534630
040 _aCO-BoRNBP
_bspa
_erda
_cCO-BoRNBP
041 0 _aspa
043 _as-ag---
084 _aH COS4
084 _aH COS2
100 1 _aCosentino, Ralph
_eautor
_959638
245 1 0 _aWonder Woman
_bla historia de la princesa amazona
_cescrito e ilustrado por Ralph Cosentino
250 _aPrimera edición
_bPrimera reimpresión
264 1 _aMadrid, España
_bEdiciones Kraken
_c2014
300 _a32 páginas sin numerar
_bilustraciones a color
_c23 cm.
336 _atexto
_btxt
_2rdacontent
337 _asin mediación
_bn
_2rdamedia
338 _avolumen
_bnc
_2rdacarrier
521 _aRecomendado para un público infantil mayor de 6 años
650 0 0 _aSuperheroes
_vTiras cómicas, historietas, etc.
_2LEMB
_959639
650 0 0 _aLiteratura argentina
_2LEMB
_92130
650 0 0 _aMujeres
_vTiras cómicas, historietas, etc.
_2LEMB
_959640
650 0 0 _aAutores argentinos.
_2LEMB
_92129
650 0 0 _aTiras cómicas, historietas, etc. argentinas
_2LEMB
_959641
942 _2loc
_cBKLITI
999 _c57157
_d57157